Loading...
| Science - Physics | 0 | 7 | 0 | 3 | 70 | 50 | 75.43 | 0 | 1 | 18.51 | 25.17 |
| Philosophy | 0 | 5 | 0 | 1 | 50 | 40 | 62.00 | 1 | 2 | 25.79 | 41.51 |
| Science - Other | 0 | 5 | 0 | 0 | 50 | 52 | 70.00 | 2 | 3 | 17.58 | 32.81 |
| Social Science | 0 | 4 | 0 | 0 | 40 | 24 | 33.50 | 2 | 3 | 29.82 | 39.96 |
| Mythology | 0 | 4 | 1 | 0 | 35 | 56 | 59.50 | 1 | 3 | 17.43 | 29.55 |
| Literature - British | 0 | 3 | 0 | 0 | 30 | 30 | 51.67 | 0 | 2 | 14.76 | 19.70 |
| Science - Biology | 0 | 3 | 0 | 1 | 30 | 68 | 89.00 | 0 | 0 | 5.24 | 10.72 |
| Religion | 0 | 2 | 0 | 0 | 20 | 46 | 61.00 | 0 | 1 | 8.15 | 12.12 |
| Popular Culture | 0 | 2 | 0 | 0 | 20 | 39 | 66.50 | 0 | 0 | 13.39 | 12.50 |
| Science - Chemistry | 0 | 2 | 0 | 0 | 20 | 56 | 64.50 | 0 | 1 | 5.96 | 13.17 |
| Geography | 0 | 1 | 0 | 0 | 10 | 84 | 84.00 | 0 | 0 | 2.81 | 10.26 |
| Literature - World | 0 | 1 | 0 | 0 | 10 | 82 | 82.00 | 1 | 1 | 3.13 | 8.33 |
| History - American | 0 | 1 | 0 | 0 | 10 | 66 | 66.00 | 0 | 0 | 3.32 | 4.55 |
| Literature - American | 0 | 1 | 0 | 1 | 10 | 60 | 60.00 | 0 | 0 | 4.47 | 6.82 |
| History - World | 0 | 0 | 1 | 0 | -5 | 0.00 | 0 | 0 | 0.00 | 0.00 | |
| Literature - European | 0 | 0 | 1 | 0 | -5 | 0.00 | 0 | 0 | 0.00 | 0.00 | |
| Fine Arts - Other | 0 | 0 | 1 | 0 | -5 | 0.00 | 0 | 0 | 0.00 | 0.00 |